| 000 | 00513nam a2200169 i 4500 | ||
|---|---|---|---|
| 001 | 59928 | ||
| 003 | ES-MaACL | ||
| 007 | t| | ||
| 008 | 031031s1930 fr ||||1| fre d | ||
| 100 | 1 |
_aEscholier, Raymond. _947541 |
|
| 245 | 1 | 3 |
_aLa vida gloriosa de Víctor Hugo / _cRaimundo Escholier ; traducción de Corpus Barga. |
| 260 |
_aParis : _bLe livre libre, _c1930. |
||
| 300 |
_a2 v. ; _c19 cm. |
||
| 700 | 0 |
_aBarga, Corpus, _d1887-1975 _925629 |
|
| 852 |
_aES-MaACL _jB-6087-88 |
||
| 999 |
_c59928 _d59928 |
||